| 000 | 00354nam a2200133Ia 4500 | ||
|---|---|---|---|
| 008 | 240624s9999 xx 000 0 und d | ||
| 041 | _aeng | ||
| 082 | _a658 BOW | ||
| 100 | _aBUTLER BOWDON TOM | ||
| 245 | _a50 SUCCESS CLASSICS YOUR SHORTCUT TO THE | ||
| 260 |
_c2017 _aBoston _bNicholas Brealey Publishing |
||
| 300 | _a339p. ;22cm. | ||
| 365 |
_cRS _b33 |
||
| 999 |
_c32545 _d32545 |
||